Die beliebtesten Weihnachtsessen der Deutschen - Statistiken

Allgemein
  • Dieses Quiz wurde 248 mal gespielt
  • Das Durchschnittsergebnis liegt bei 5 aus 10
Antwortstatistiken
Platz Weihnachtsessen % Korrekt
2 Geflügel
96%
1 Würstchen und Kartoffelsalat
88%
3 Raclette
61%
6 Rind
58%
4 Schwein
57%
7 Fisch
50%
5 Fondue
50%
8 Wild
31%
9 Gemüse
15%
10 Kurzgebratenes
14%
Keine übereinstimmenden Quizze gefunden
Verteilung der Resultate
Anzahl Personen mit jedem Resultat
Perzentil nach korrekt beantworteten Fragen
Ihre Resultats-Entwicklung
Sie haben dieses Quiz noch nicht gespielt